Responses for Show #5906 - Monday, April 26, 2010

Contestants

[<< previous game]

Randall Johnson, an enologist from Seattle, Washington

Gabe Hernandez, a content coordinator from North Hollywood, California

Kathy Kenny, a high school math teacher from Park Ridge, New Jersey (whose 1-day cash winnings total $18,201)

[next game >>]

Jeopardy! Round responses

1990s BESTSELLERS
INSIDE THE ACTORS STUDIO
(Alex: All of the clues delivered by the host, James Lipton.)
THE 19th FIRST ANNUAL IG NOBEL PRIZE
ALSO A CANDY BAR
NUCLEAR WEAPONS 101
OFF THE ____
    $200 16
Stephen King

Kathy
    $200 21
Michael J. Fox

Kathy
    $200 26
pregnancy

Gabe
    $200 1
The Three Musketeers

Gabe
    $200 11
1945

Gabe
    $200 6
the Wall

Gabe
    $400 17
Ronald Reagan

Randall
    $400 22
Tom Cruise

Kathy
    $400 27
milk

Gabe
    $400 2
a Milky Way

Kathy
    $400 12
New Mexico

Kathy
    $400 7
the beaten path

Gabe
    $600 18
John Grisham

Randall
    $600 23
David Duchovny

Kathy
    $600 28
tequila

Gabe
    $600 3
Mounds

Kathy
    $600 13
fallout

Gabe
    $600 8
the mark

Kathy
    $800 19
Tom Clancy

Gabe
    $800 24
Russell Crowe

Randall
    $800 29
arthritis

Kathy
    $800 4
Snickers

Gabe
    $800 14
fission

Gabe
    $800 9
the hook

Gabe
    $1000 20
Danielle Steel

Gabe
    $1000 25
(Alex: You are right, with less than a minute to go.)

James Gandolfini

Kathy
    $1000 30
Zimbabwe

Randall
    $1000 5
Mr. Goodbar

Kathy
    $2,000 15
blast radius

Gabe
    $1000 10
the grid

Kathy

Scores at the first commercial break (after clue 15):

Kathy Gabe Randall
$4,000 $6,000 $0

Scores at the end of the Jeopardy! Round:

Kathy Gabe Randall
$7,200 $9,000 $2,800

Double Jeopardy! Round responses

DOG BREEDS
GOLDEN RETRIEVERS
CHOW
GREAT DANES
LABRADOR
HUSKY
    $400 1
a terrier

Gabe
    $400 12
(Greg) Louganis

Kathy
    $400 5
black beans

Gabe
    $400 4
(Kathy: Who is Geraldine Ferraro?)

Lloyd Bentsen

Kathy
Triple Stumper
    $400 22
fjords

Randall
    $400 18
hefty

Gabe
    $800 2
pointer

Triple Stumper
    $800 13
(Gabe: What is skeet [*]?) [Originally ruled correct, reversed before the second Daily Double at clue 20 since skeet and double trap are different events.]

double trap shooting

Gabe
Triple Stumper
    $800 6
corned beef

Randall
    $800 17
Canute

Triple Stumper
    $800 23
the Inuit

Gabe
    $800 19
stout

Kathy
    $1200 3
(Gabe: What is a bloodhound?)
(Kathy: What is a coonhound?)

the foxhound

KathyGabe
Triple Stumper
    $1200 14
skeleton

Randall
    $1200 7
cacciatore

Triple Stumper
    $1200 24
Churchill

Triple Stumper
    $2,000 20
(Kathy: What is Haron?)
[NOTE: Kathy gave the name of her school principal, Dan Haron (pronounced like "hor-OWN"), because he fought for her to be able to take time off to appear on Jeopardy! without being docked pay.]

robust

Kathy
    $1600 10
papillon

Kathy
    $1600 15
the marathon

Randall
    $2,000 8
ratatouille

Randall
    $1600 25
(Gabe: What are moon rocks?)
[The end-of-round signal sounds.]

moonstone

KathyGabe
    $1600 21
(Alex: With less than a minute to go now, Kathy.)

stalwart

Triple Stumper
    $2000 11
toy

Triple Stumper
    $2000 16
basketball

Randall
    $2000 9
crown roast

Triple Stumper

Scores at the end of the Double Jeopardy! Round:

Kathy Gabe Randall
$8,000 $7,400 $10,800

[wagering suggestions for these scores]

Final Jeopardy! Round responses

U.S. PRESIDENTS
(Alex: It was that famous scene onboard Air Force One after the assassination of President Kennedy, when [*] took the oath of office on a missal that they found on the plane. It was not his missal.)
GabeWho is J. F. Kennedy?
$7,400
KathyWho is JFK?
$6,801
RandallWho John F. Kennedy
$5,201
Lyndon Baines Johnson

Final scores:

Kathy Gabe Randall
$1,199 $0 $5,599
2nd place: $2,000 3rd place: $1,000 New champion: $5,599

Game dynamics:

Coryat scores:

Kathy Gabe Randall
$10,000 $6,400 $10,400
16 R,
3 W
(including 1 DD)
18 R
(including 1 DD),
3 W
10 R
(including 1 DD),
0 W

Combined Coryat: $26,800

[game clues] [game scores] [suggest correction]

Game tape date: 2010-02-03
The J! Archive is created by fans, for fans. Scraping, republication, monetization, and malicious use prohibited; this site may use cookies and collect identifying information. See terms. The Jeopardy! game show and all elements thereof, including but not limited to copyright and trademark thereto, are the property of Jeopardy Productions, Inc. and are protected under law. This website is not affiliated with, sponsored by, or operated by Jeopardy Productions, Inc. Join the discussion at JBoard.tv.